|
|
|
|
| LEADER |
00694nam a22001577a 4500 |
| 082 |
|
|
|b KOT/P K5
|a 894.8113.8
|
| 100 |
|
|
|a V.M Kothanayaki Ammal
|9 304941
|
| 245 |
|
|
|a Pathmasundaran
|
| 250 |
|
|
|a Ist
|
| 260 |
|
|
|a Thiruvananthapuram;
|b Radior Press ;
|c 1965
|
| 300 |
|
|
|a 291p.
|
| 650 |
|
|
|a Malayalam; Novel; Malayalam Novel; Tamil Translated Novel
|9 311080
|
| 650 |
|
|
|a നോവല്; മലയാളം നോവല്; തമിഴ് വിവര്ത്തന നോവല്
|9 311081
|
| 942 |
|
|
|c BK
|
| 999 |
|
|
|c 75268
|d 75268
|
| 952 |
|
|
|0 0
|1 0
|4 0
|6 894_811300000000000_8_KOT_P_K5
|7 0
|8 NOVET
|9 88546
|a MAL
|b MAL
|d 2017-03-27
|e 18887
|g 1.75
|l 0
|o 894.8113.8 KOT/P K5
|p MAL018887
|r 2017-03-27
|t 1
|w 2017-03-27
|y BK
|